The explanatory power of beta : a look at the Malaysian stock market /
Saved in:
| Main Author: | |
|---|---|
| Format: | Thesis |
| Language: | English |
| Published: |
Gombak, Selangor :
International Islamic University Malaysia,
2001.
|
| Subjects: | |
| Online Access: | Click here to view 1st 24 pages of the thesis. Members can view fulltext at the specified PCs in the library. |
| Tags: |
Add Tag
No Tags, Be the first to tag this record!
|
| LEADER | 016390000a22003610004500 | ||
|---|---|---|---|
| 001 | 269078 | ||
| 005 | 20090508092600.0 | ||
| 008 | 030812s2001 my g 000 0 eng d | ||
| 035 | |a (Sirsi) 269078 | ||
| 040 | |a UIAM |b eng | ||
| 041 | 0 | |a eng | |
| 043 | |a a-my--- | ||
| 049 | |b m | ||
| 050 | |a HG5750.6.A3 | ||
| 100 | 3 | |a Loy, Chwan Shyong | |
| 245 | 1 | 4 | |a The explanatory power of beta : |b a look at the Malaysian stock market / |c by Loy Chwan Shyong. |
| 260 | |a Gombak, Selangor : |b International Islamic University Malaysia, |c 2001. | ||
| 300 | |a x, 47 leaves ; |c 30 cm. | ||
| 500 | |a "A thesis submitted in partial fulfillment of the requirement for the degree of Master of Busniess Administration"--On t.p. | ||
| 502 | |a Thesis (MBA)--International Islamic University Malaysia, 2001. | ||
| 504 | |a Includes bibliographical references. | ||
| 596 | |a 1 | ||
| 650 | 0 | |a Capital assets pricing model | |
| 650 | 0 | |a Stock exchanges |x Mathematical models |z Malaysia | |
| 650 | 0 | |a Stocks |x Mathematical models |z Malaysia | |
| 650 | 0 | |a Stocks |x Prices Mathematical models |z Malaysia | |
| 655 | 0 | 7 | |a Theses, IIUM local |
| 690 | 0 | |a Dissertations, Academic |x Management Centre |z IIUM | |
| 710 | 2 | |a International Islamic University Malaysia. |b Management Centre | |
| 856 | 4 | |u http://studentrepo.iium.edu.my/handle/123456789/3529 |z Click here to view 1st 24 pages of the thesis. Members can view fulltext at the specified PCs in the library. | |
| 900 | |a bib-hj-rose-hm | ||
| 999 | |c 432269 |d 463276 | ||
| 952 | |0 0 |6 T HG 005750.6 A3L923E 2001 |7 0 |8 THESES |9 753220 |a IIUM |b IIUM |c MULTIMEDIA |g 0.00 |o t HG5750.6A3L923E 2001 |p 00000853176 |r 2017-10-19 |t 1 |v 0.00 |y THESIS | ||
